Geographiae Veteris Scriptores Graeci Minores Cum Dissertatione in Dionysium, Annotationibus &c. Vol. IV.

Bibliographic Details
Main Authors: Hudson, John (Author), Dionysius, Byzantius (Author), Festus, Rufius (Author)
Corporate Author: Sheldonian Theatre (Printer)
Format: Book
Language:Latin
Greek, Modern (1453- )
Arabic
Subjects:

MARC

LEADER 00000nam a2200000 4500
001 vtls012024102
003 SK-MaSNL
005 20260301105335.0
008 210420t1712 xxka r 001 0 lat
015 |a SNBHFA1712 
040 |a SNKHF  |b slo  |c SNK  |e rda 
041 |a lat  |a gre  |a ara 
044 |a uk  |c GB 
072 7 |a 91  |x Geografia ako veda. Výskum. Cestovanie  |2 konspekt 
080 |a 91  |2 2011 
100 1 |a Hudson, John  |4 aut  |9 306837 
245 1 0 |a Geographiae Veteris Scriptores Graeci Minores  |b Cum Dissertatione in Dionysium, Annotationibus &c.  |n Vol. IV. 
264 3 |a Oxoniae  |b E Theatro Sheldoniano  |c MDCCXII (1712) 
300 |a 12 nečíslovaných strán, 67, 199, 36, 18, 83 strán, 17 nečíslovaných strán  |c 19 cm 
336 |a text  |b txt  |2 rdacontent 
337 |a bez média  |b n  |2 rdamedia 
338 |a zväzok  |b nc  |2 rdacarier 
500 |a Kustody, iniciály na 3 riadky, ilustrovaný titulný a predtitulný list, ilustrácie, rozkladacie mapy 
501 |a Príväzok 1.: Dionysii Orbis Descriptio; Cum Commentariis Eustathii, Archiepiscopi Thessalonicensis. Oxoniae, E Theatro Sheldoniano. MDCCX.  |5 SNK ID 102058/4/prív. 1 
504 |a Tlačené vysvetlivky a komentáre pod textom, register 
546 |a Text striedavo v latinčine a gréčtine 
563 |a Väzba pôvodná kožená.  |5 SNK ID 102058/4 
650 0 7 |a geografia  |2 SNKPH  |9 823 
700 0 |a Dionysius, Byzantius  |4 aut  |9 370721 
700 1 |a Festus, Rufius  |4 aut  |9 445464 
710 2 |a Sheldonian Theatre  |4 prt  |9 199687 
752 |a Veľká Británia  |d Oxford 
852 |a snk  |b Aponiovská knižnica  |p ID 102058/4 
958 |a DD 
958 |a ONDV 
999 |c 700621  |d 702551 
952 |t Op. II/89  |a SNK  |b SNK  |c SNK_HF  |y PREZ  |7 0  |p 17A1397272  |o snkID 102058/4  |i snk2021/3163  |8 5  |0 0  |1 0  |4 0  |d 2021-04-20  |l 0  |r 2026-02-23 20:56:05  |w 2026-02-23